Central Library OPAC University of Rajshahi

শিক্ষা ও সমাজ / (Record no. 39924)

MARC details
000 -LEADER
fixed length control field 00969nam a2200265 a 4500
001 - CONTROL NUMBER
control field 39924
003 - CONTROL NUMBER IDENTIFIER
rucl marc code BD-RjUL
005 - DATE AND TIME OF LATEST TRANSACTION
control field 20211209053108.0
008 - FIXED-LENGTH DATA ELEMENTS--GENERAL INFORMATION
fixed length control field 160419s1975 bg ||||| |||| 00| 0 ben d
020 ## - INTERNATIONAL STANDARD BOOK NUMBER
Terms of availability : Tk. 12.00
035 ## - SYSTEM CONTROL NUMBER
System control number (BD-RjUL) 40038
040 ## - CATALOGING SOURCE
Original cataloging agency BD-RjUL
Language of cataloging ben
Transcribing agency BD-RjUL
041 ## - LANGUAGE CODE
Language code of text/sound track or separate title ben
Language code of text/sound track or separate title eng
082 ## - DEWEY DECIMAL CLASSIFICATION NUMBER
Edition number 23
Classification number 370.0904
Author mark and year HUS 1975
100 ## - MAIN ENTRY--PERSONAL NAME
Personal name হাটকিনস, রবার্ট এম.
9 (RLIN) 122978
245 10 - TITLE STATEMENT
Title শিক্ষা ও সমাজ /
Statement of responsibility, etc. রবার্ট এম. হাটকিনস ; রাহাত খান, অনুবাদক
260 ## - PUBLICATION, DISTRIBUTION, ETC. (IMPRINT)
Place of publication, distribution, etc. ঢাকা :
Name of publisher, distributor, etc. বাংলা একাডেমী,
Date of publication, distribution, etc. ১৯৭৫
300 ## - PHYSICAL DESCRIPTION
Pagination [ছয়], ১৬৮ পৃ. ;
Size ২২ সেমি.
500 ## - GENERAL NOTE
General note টীকা সংযুক্ত
650 ## - SUBJECT ADDED ENTRY--TOPICAL TERM
Topical term or geographic name as entry element শিক্ষা
9 (RLIN) 122973
Topical term or geographic name as entry element Education
9 (RLIN) 122974
700 ## - ADDED ENTRY--PERSONAL NAME
Personal name খান, রাহাত, অনুবাদক
942 ## - ADDED ENTRY ELEMENTS (KOHA)
Source of classification or shelving scheme Dewey Decimal Classification
Koha item type Books
Holdings
Lost status Source of classification or shelving scheme Damaged status Not for loan Collection code Permanent Location Current Location Shelving location Date acquired Source of acquisition Cost, normal purchase price Total Checkouts Full call number Date last seen Copy number Koha item type
  Dewey Decimal Classification   Not For Loan Non-fiction Central Library, University of Rajshahi Central Library, University of Rajshahi Reading Room 21/03/1977 Eureka Book Agency 12.00   B 370.0904 HUS 1975 19/04/2016 C-1 Books
  Dewey Decimal Classification     Non-fiction Central Library, University of Rajshahi Central Library, University of Rajshahi   17/06/1982 aligor Library Rajshahi 12.00   B 370.0904 HUS 1975 06/08/2016 C-2 Books
  Dewey Decimal Classification     Non-fiction Central Library, University of Rajshahi Central Library, University of Rajshahi   17/06/1982 aligor Library Rajshahi 12.00   B 370.0904 HUS 1975 06/08/2016 C-3 Books
  Dewey Decimal Classification     Non-fiction Central Library, University of Rajshahi Central Library, University of Rajshahi   21/03/1977 Europ book agency 12.00   B 370.0904 HUS 1975 06/08/2016 C-4 Books
  Dewey Decimal Classification     Non-fiction Central Library, University of Rajshahi Central Library, University of Rajshahi   17/06/1982 aligor Library Rajshahi 12.00   B 370.0904 HUS 1975 06/08/2016 C-5 Books
  Dewey Decimal Classification     Non-fiction Central Library, University of Rajshahi Central Library, University of Rajshahi   29/06/1981 Eureka Book Accademi 12.00   B 370.0904 HUS 1975 08/08/2016 C-6 Books
  Dewey Decimal Classification     Non-fiction Central Library, University of Rajshahi Central Library, University of Rajshahi   29/06/1981 Eureka Book Accademi 12.00   B 370.0904 HUS 1975 08/08/2016 C-7 Books
  Dewey Decimal Classification     Non-fiction Central Library, University of Rajshahi Central Library, University of Rajshahi   17/06/1982 Alighor library, Rajshahi. 12.00   B 370.0904 HUS 1975 29/01/2017 C-8 Books
  Dewey Decimal Classification     Non-fiction Central Library, University of Rajshahi Central Library, University of Rajshahi   30/06/1981 Ureka Book Akademi, Rajshahi 12.00   B 370.0904 HUS 1975 02/02/2017 C-9 Books